Los escudos de Sarriá / (Record no. 149755)

MARC details
000 -LEADER
campo de control de longitud fija 00645nam a2200193 i 4500
001 - NÚMERO DE CONTROL
campo de control 149755
003 - IDENTIFICADOR DE NÚMERO DE CONTROL
campo de control ES-MaACL
005 - FECHA Y HORA DE LA ÚLTIMA TRANSACCIÓN
campo de control 20230906203238.0
007 - CAMPO FIJO DE DESCRIPCIÓN FÍSICA--INFORMACIÓN GENERAL
campo de control de longitud fija t|
008 - DATOS DE LONGITUD FIJA--INFORMACIÓN GENERAL
campo de control de longitud fija 071024s1953 sp ||||1| spa d
100 1# - ENTRADA PRINCIPAL--NOMBRE DE PERSONA
Nombre de persona Vázquez Saco, Francisco.
9 (RLIN) 113482
245 14 - MENCIÓN DEL TÍTULO
Título Los escudos de Sarriá /
Mención de responsabilidad, etc. por Francisco Vázquez Saco.
260 ## - PUBLICACIÓN, DISTRIBUCIÓN, ETC.
Lugar de publicación, distribución, etc. Lugo :
Nombre del editor, distribuidor, etc. [s.n.],
Fecha de publicación, distribución, etc. 1953 (
Fabricante Imp. de la Diputación Provincial)
300 ## - DESCRIPCIÓN FÍSICA
Extensión 40 p. :
Otras características físicas il. ;
Dimensiones 21 cm.
500 ## - NOTA GENERAL
Nota general Precede al tít.: Junta del Museo Provincial de Lugo.
650 #4 - PUNTO DE ACCESO ADICIONAL DE MATERIA--TÉRMINO DE MATERIA
Término de materia o nombre geográfico como elemento de entrada Heráldica-
Subdivisión geográfica Sarriá.
9 (RLIN) 157815
710 2# - ENTRADA AGREGADA--NOMBRE DE ENTIDAD CORPORATIVA
Nombre de entidad corporativa o nombre de jurisdicción como elemento de entrada Museo Provincial de Lugo.
9 (RLIN) 5917
852 ## - LOCALIZACIÓN
Ubicación ES-MaACL
Número de control de estantería 1908-F-12
Sublocalización o colección R.35830
Holdings
Estatus retirado Estado de pérdida Estado de daño No para préstamo Colección Biblioteca de origen Biblioteca actual Ubicación en estantería Fecha de adquisición Fuente de adquisición Total de préstamos Signatura topográfica completa Código de barras Visto por última vez Precio de reemplazo Tipo de ítem Koha
        Colección de folletos Biblioteca del Ateneo de Madrid Biblioteca del Ateneo de Madrid Depósito folletos 17/01/2008     1908-F-12 1156271 23/02/2023 23/02/2023 Folleto